|
|
|
|
| LEADER |
00000nam0a2200000 4500 |
| 001 |
154660 |
| 005 |
20231031151942.0 |
| 020 |
|
|
|a RU
|b 87-83096
|
| 035 |
|
|
|a (RuTPU)RU\TPU\book\167755
|
| 090 |
|
|
|a 154660
|
| 100 |
|
|
|a 20090303d1987 e y0rusy5003 ca
|
| 101 |
0 |
|
|a rus
|
| 102 |
|
|
|a RU
|
| 105 |
|
|
|a a z 000ay
|
| 200 |
1 |
|
|a Приглашение к размышлению
|e эссе
|e для старшего школьного возраста
|f Н. П. Крыщук
|g худож. Г. Ковенчук
|
| 210 |
|
|
|a Ленинград
|c Детская литература
|c Ленингр. отд-ние
|d 1987
|
| 215 |
|
|
|a 191 с.
|c ил.
|
| 333 |
|
|
|a Исключено из фонда НТБ ТПУ
|
| 700 |
|
1 |
|a Крыщук
|b Н. П.
|g Николай Прохорович
|
| 702 |
|
1 |
|a Ковенчук
|b Г.
|4 440
|
| 801 |
|
0 |
|a RU
|b RuMRKP
|c 19950417
|g psbo
|
| 801 |
|
1 |
|a RU
|b 63413507
|c 20090303
|g PSBO
|
| 801 |
|
2 |
|a RU
|b 63413507
|c 20220517
|g PSBO
|
| 942 |
|
|
|c BK
|